000 00229nam a22000857a 4500
008 170527b xxu||||| |||| 00| 0 eng d
100 _93166
_aGrewal.T.S.etal.
245 _aDouble Entry Book Keeping
260 _aNew Delhi
_bS.C.C.S.
_c1994
999 _c6469
_d6469